00421nam a22001457a 450000500170000000800410001702000180005804100130007608200120008910000120010124500660011326000460017930000250022565000250025020240821084411.0240821b |||||||| |||| 00| 0 eng d a9781485107545 aEnglish  a349 JUT lEnglish aJuta's Index and Annotations to the South African Law Reports aCape Town: bJuta and Company Ltd, c2014 b175 pages; c25 cm.  aLegal practice bLaw